Statistiques concernant paroles : quatre murs et un toit Benabar

Cliquez ici pour prendre le quiz!

Statistiques générales

  • Ce quiz a été pris 39 fois
  • Le résultat moyen est 323 sur 432

Statistiques - réponses

HintAnswers% Correct
à
100%
a
100%
ça
100%
de
100%
Est
100%
est
100%
et
100%
il
100%
la
100%
La
100%
Le
100%
le
100%
mais
100%
Mais
100%
murs
100%
se
100%
son
100%
coupletUn
100%
un
100%
ce
97%
en
97%
enfants
97%
les
97%
Les
97%
on
97%
On
97%
toit
97%
ils
93%
Ils
93%
je
93%
maison
93%
Quatre
93%
quatre
93%
sont
93%
une
93%
bain
90%
d'en
90%
grand
90%
me
90%
mon
90%
petit
90%
pour
90%
que
90%
salle
90%
dans
87%
Dans
87%
jardin
87%
par
87%
partis
87%
plus
87%
Qui
87%
va
87%
chambre
83%
maintenant
83%
ne
83%
83%
ont
83%
sera
83%
c'est
80%
comme
80%
du
80%
vous
80%
y
80%
agent
77%
cabane
77%
Cette
77%
cette
77%
nos
77%
pas
77%
si
77%
suis
77%
sur
77%
trop
77%
des
73%
frère
73%
grenier
73%
immobilier
73%
jour
73%
Madame
73%
madame
73%
Monsieur
73%
monsieur
73%
nôtre
73%
table
73%
ton
73%
trois
73%
celui
70%
deuxième
70%
faire
70%
fantômes
70%
gentils
70%
joue
70%
petits
70%
présente
70%
prévu
70%
salon
70%
savez
70%
ses
70%
vêtement
70%
vrai
70%
cave
67%
dire
67%
garage
67%
l'automne
67%
laver
67%
sans
67%
tes
67%
vente
67%
vins
67%
bébé
63%
cartable
63%
couple
63%
hanté
63%
machine
63%
place
63%
pourra
63%
terrain
63%
toute
63%
vague
63%
viennent
63%
vont
63%
alors
60%
devient
60%
familliale
60%
laisse
60%
l'entendez
60%
préfère
60%
voulez
60%
aux
57%
enceinte
57%
être
57%
femme
57%
finis
57%
future
57%
grandissent
57%
hôtel
57%
indépendant
57%
l'abandon
57%
lourd
57%
nid
57%
pavillon
57%
peu
57%
préfèrerait
57%
tranquille
57%
devoirs
53%
divague
53%
écoutez
53%
fait
53%
hantée
53%
jeunesse
53%
l'étage
53%
linge
53%
monstres
53%
musique
53%
qu'ici
53%
quitté
53%
savoir
53%
sent
53%
ans
50%
arbres
50%
chat
50%
corrige
50%
l'acheter
50%
n'ayez
50%
poussé
50%
ronronne
50%
trente
50%
vagues
50%
ventre
50%
vraiment
50%
ajoute
47%
clôtures
47%
crainte
47%
dernière
47%
dommage
47%
doucement
47%
fois
47%
frigo
47%
glaces
47%
gosses
47%
habite
47%
heures
47%
l'enduit
47%
livre
47%
moins
47%
neuve
47%
paris
47%
petite
47%
plâtre
47%
poussière
47%
prévenir
47%
remet
47%
sale,
47%
travaux
47%
voir
47%
copieux
43%
dois
43%
douter
43%
fatigué
43%
nu
43%
promise
43%
rêverait
43%
rouvrent
43%
s'endette
43%
trésors
43%
tu
43%
ambassadeurs
40%
apparaissent
40%
chargés
40%
colonisent
40%
consulat
40%
creuser
40%
espace
40%
espérés
40%
haut
40%
modeste
40%
pièce
40%
pleurs
40%
pratique
40%
remplit
40%
savent
40%
somnole
40%
trouve
40%
aussi
37%
bureau
37%
chambres
37%
cow-boys
37%
dragons
37%
électriques
37%
gamins
37%
gros
37%
habitent
37%
laid
37%
oeuvre
37%
stores
37%
d'amis
33%
panoplies
33%
poser
33%
bataille
30%
plafond
30%
ampoules
27%
bagarres
27%
pendent
27%
sais
27%
terre
27%
aparts
23%
souriez
23%

Distribution des résultats

Percentile par nombre de réponses

% des personnes avec chaque résultat

Votre développement - résultats

Vous n’avez pas pris ce quiz